000 00498nam a2200193Ii 4500
003 JO-AjNU
005 20241113121728.0
008 230605s9999||||xx |||||||||||||| ||und||
017 _a1980/5482
020 _a977-7322-35-6
040 _aJO-AjNU
_bara
_erda
_cJO-AjNU
041 _aara
050 1 4 _aHM 24 1981
245 0 0 _aمخرج بموجب مستند رقم63
336 _atext
_btxt
_2rdacontent
337 _aunmediated
_bn
_2rdamedia
338 _avolume
_bnc
_2rdacarrier
942 _2lcc
_cBK
999 _c9828
_d9828